| 000 | 00790nam a22002057a 4500 | ||
|---|---|---|---|
| 999 |
_c8888 _d8888 |
||
| 003 | AR-CdUCM | ||
| 008 | 190326b ||||| |||| 00| 0 spa d | ||
| 040 |
_aMUNICIPALIDAD PROVINCIAL DEL CUSCO _cBIBLIOTECA MUNICIPAL DEL CUSCO |
||
| 082 |
_22ed. _a 869.009 / _bM17 |
||
| 100 |
_aMainer, José-Carlos _924713 |
||
| 245 |
_aAtlas de literatura latinoamericana : (siglo XX) / _b(siglo XX) / |
||
| 260 |
_aBarcelona : _bJover, _c1986. |
||
| 300 |
_a86 paginas ; _bIlustraciones, _c20 cm. |
||
| 505 | _aContenido : El modernismo -- El pensamiento nacional americano -- La novela moderna -- El postmodernismo Corrientes actuales... | ||
| 650 |
_aLiteratura latinoamericana _91143 |
||
| 650 |
_aHistoria y crítica _95993 |
||
| 650 |
_aModernismo _9519 |
||
| 942 |
_2ddc _cLIBROS |
||
| 945 | _awnts | ||